Ways to study and research (Record no. 30969)
[ view plain ]
| 000 -LEADER | |
|---|---|
| fixed length control field | 01380nam a2200337Ia 4500 |
| 245 00 - TITLE STATEMENT | |
| Title | Ways to study and research |
| 260 ## - PUBLICATION, DISTRIBUTION, ETC. (IMPRINT) | |
| Place of publication | Delft, The Netherlands : |
| Name of publisher | DUP Science, |
| Year of publication | 2002. |
| 300 ## - PHYSICAL DESCRIPTION | |
| Number of Pages | 554 p. : |
| Other physical details | ill. |
| 650 #0 - SUBJECT ADDED ENTRY--TOPICAL TERM | |
| Topical Term | Architectural design |
| Topical Term | Design |
| Topical Term | City planning |
| 700 1# - ADDED ENTRY--PERSONAL NAME | |
| Personal name | Jong, Taeke M. de. |
| Personal name | Voordt, D. J. M. van der. |
| 856 40 - ELECTRONIC LOCATION AND ACCESS | |
| Uniform Resource Identifier | http://site.ebrary.com/lib/rucke/Doc?id=10641769 |
No items available.
